000 00550nam a2200181Ia 4500
003 GCL
008 140319s9999 xx 000 0 ara d
040 _aGCL /
_cGCL
082 0 4 _a301.1
_bم ا
100 1 _aمصطفى سويف
245 1 0 _aالاسس النفسية للتكامل الاجتماعى (دراسة ارتقائية تحليلية) ط5 /
_cمصطفى سويف
700 1 _aيوسف مراد
300 _a443 ص
490 _a
650 0 4 _aعلم النفس الاجتماعى
650 0 4 _aالارتقاء
942 _2ddc
_cBK
999 _c38846
_d38846